000 00443cam a22001934a 4500
005 20250605164313.0
008 250528s ||||||||||||||||||||||||d
035 _a22581
020 _a9789605125509
040 _aGR-AtMCL
_bgre
_dGR-AtMCL
_eAACR2
245 1 _aAUTOCAD 2009
250 _a1
260 _bΓκιουρδας,
_c2008
300 _a421
700 1 _aOmura George
_98355
942 _cBK
999 _c7629
_d7629